[Event "Sparkassen-Open A"]
[Site "Heusenstamm, Martinsee"]
[Date "2021.11.20"]
[Round "5.35"]
[White "Kempe, Caius Emilian"]
[Black "Schreiner, Roland"]
[Result "1-0"]
[WhiteElo "1975"]
[BlackElo "2104"]
[PlyCount "83"]
[EventDate "2021.??.??"]
[WhiteTeam "USV TU Dresden"]
[BlackTeam "SC Heusenstamm"]

1. d4 d5 2. c4 c6 3. Nf3 Nf6 4. Nc3 e6 5. cxd5 exd5 6. Qc2 Bd6 7. Bg5 Nbd7 8.
e3 Nf8 9. Bd3 Ne6 10. Bh4 h6 11. O-O O-O 12. Rab1 g5 13. Bg3 Bxg3 14. hxg3 c5
15. dxc5 Nxc5 16. Be2 Nce4 17. Rbd1 Be6 18. Nxe4 Nxe4 19. Nd4 Rc8 20. Qb3 Qe7
21. Bf3 Nf6 22. Qd3 Qd7 23. a3 Kg7 24. Rd2 h5 25. Rfd1 g4 26. Be2 Ne4 27. Nxe6+
Qxe6 28. Qd4+ Kh6 29. Bd3 Nxd2 30. Qf4+ Kg7 31. Qg5+ Kh8 32. Qxh5+ Kg7 33. Qg5+
Kh8 34. Bf5 Qc6 35. Qh5+ Kg7 36. Qxg4+ Kf6 37. Bxc8 Qxc8 38. Qd4+ Ke6 39. Qxd2
Qc6 40. Rc1 Qd6 41. Qd4 b6 42. Qa4 1-0

[Event "Sparkassen-Open A"]
[Site "Heusenstamm, Martinsee"]
[Date "2021.11.20"]
[Round "5.36"]
[White "Ungurean, Florin-Ioan"]
[Black "Cichy, Michael"]
[Result "1/2-1/2"]
[WhiteElo "1970"]
[BlackElo "2059"]
[PlyCount "40"]
[EventDate "2021.??.??"]
[WhiteTeam "Wiesbadener SV"]
[BlackTeam "SC BS Gliesmarode"]

1. d4 Nf6 2. Nf3 e6 3. Bf4 b6 4. e3 Bb7 5. Nbd2 c5 6. c3 Be7 7. h3 O-O 8. Bd3
cxd4 9. exd4 d6 10. Qe2 Nbd7 11. O-O Re8 12. Bh2 a6 13. a4 Qc7 14. Rfd1 h6 15.
Nc4 Qc6 16. Ne3 Bf8 17. Bc2 Be7 18. Bb3 Qc7 19. Bg3 Nh5 20. Bh2 Nhf6 1/2-1/2

[Event "Sparkassen-Open A"]
[Site "Heusenstamm, Martinsee"]
[Date "2021.11.20"]
[Round "5.37"]
[White "Chassard, Cedric"]
[Black "Scholzen, Wolfgang"]
[Result "0-1"]
[WhiteElo "1954"]
[BlackElo "2058"]
[PlyCount "158"]
[EventDate "2021.??.??"]
[WhiteTeam "SC Schwarzenbach"]
[BlackTeam "SK Turm Euskirchen"]

{[%evp 0,45,29,18,45,38,38,33,5,11,-8,17,3,10,26,43,7,3,10,10,10,21,19,27,22,
12,7,7,6,2,20,12,32,31,17,13,34,38,16,13,18,7,24,40,51,24,6,4]} 1. e4 e6 2. d4
d5 3. Nd2 Nf6 4. e5 Nfd7 5. Bd3 c5 6. c3 Nc6 7. Ne2 cxd4 8. cxd4 f6 9. exf6
Nxf6 10. O-O Bd6 11. Nf3 Qc7 12. h3 O-O 13. Re1 Bd7 14. Be3 Be8 15. Ng5 Bf7 16.
Nc3 a6 17. Rc1 h6 18. Nxf7 Qxf7 19. Bb1 Rac8 20. a3 Bb8 21. Na4 Ne7 22. Qd2
Rxc1 23. Rxc1 Nc8 24. Qc2 Nd6 25. Qg6 Nfe4 26. Qxf7+ Kxf7 27. Nc5 Nxc5 28. Rxc5
Nc4 29. b3 Nxa3 30. Bd3 Bd6 31. Rc3 Nb5 32. Rc1 Na7 33. Kf1 Rc8 34. Rxc8 Nxc8
35. Ke2 Ne7 36. Kd2 Nc6 37. Be2 Bb4+ 38. Kc2 g5 39. Bg4 Kf6 40. g3 Be1 41. Kd1
Ba5 42. Kc2 Ne7 43. Kd3 Nf5 44. Bh5 Bb4 45. Bg4 a5 46. Bh5 Nd6 47. Be2 Ne4 48.
Bf3 Nd6 49. Bg4 b5 50. f4 Be1 51. fxg5+ hxg5 52. h4 gxh4 53. gxh4 Bxh4 54. Bf4
Ne4 55. Be2 Bg3 56. Bh6 a4 57. Kc2 Bf2 58. Bxb5 a3 59. Bc1 a2 60. Bb2 Nd6 61.
Bd3 Nf5 62. Bxf5 exf5 63. Kd2 f4 64. Ke2 Be3 65. Kf3 Ke6 66. Ke2 Kd6 67. Kd3
Kc6 68. Ba1 Kb5 69. Bc3 Bc1 70. Ke2 Ba3 71. Kf3 Bd6 72. Kf2 a1=Q 73. Bxa1 Kb4
74. Bb2 Kxb3 75. Bc1 Kc2 76. Bxf4 Bxf4 77. Kf3 Bd6 78. Kg4 Kd3 79. Kf5 Kxd4 0-1

[Event "Sparkassen-Open A"]
[Site "Heusenstamm, Martinsee"]
[Date "2021.11.20"]
[Round "5.38"]
[White "Schröder, Jürgen"]
[Black "Mohr, Thomas"]
[Result "1-0"]
[WhiteElo "2054"]
[BlackElo "1887"]
[PlyCount "57"]
[EventDate "2021.??.??"]
[WhiteTeam "SC Matt im Park"]
[BlackTeam "SC FK Babenhausen"]

1. e4 c5 2. Be2 d6 3. f4 Nc6 4. Nf3 g6 5. d3 Bg7 6. c3 e6 7. O-O Nge7 8. Be3
O-O 9. Na3 b6 10. d4 cxd4 11. Nxd4 Nxd4 12. Bxd4 e5 13. fxe5 dxe5 14. Be3 Nc6
15. Qa4 Bb7 16. Rad1 Qc8 17. Nb5 Qb8 18. Nd6 Nd8 19. Bc4 Bc6 20. Qb3 Qc7 21.
Bg5 h6 22. Bh4 Rb8 23. a4 Ra8 24. h3 Rb8 25. Kh2 Ne6 26. Rxf7 Rxf7 27. Bxe6 Be8
28. Nxe8 Rxe8 29. Rd7 1-0

[Event "Sparkassen-Open A"]
[Site "Heusenstamm, Martinsee"]
[Date "2021.11.20"]
[Round "5.40"]
[White "Rutsatz, Mario"]
[Black "Papadopoulos, Ioannis"]
[Result "0-1"]
[WhiteElo "1929"]
[BlackElo "2005"]
[PlyCount "116"]
[EventDate "2021.??.??"]
[WhiteTeam "SF Frankfurt"]
[BlackTeam "SV Oberursel"]

1. c4 e5 2. g3 Nf6 3. Bg2 c6 4. d4 exd4 5. Qxd4 Na6 6. Nf3 Bc5 7. Qe4+ Qe7 8.
Qxe7+ Bxe7 9. Nc3 d5 10. cxd5 Nb4 11. O-O Nbxd5 12. Nxd5 Nxd5 13. e4 Nf6 14.
Re1 O-O 15. h3 Bb4 16. Bd2 a5 17. a3 Bxd2 18. Nxd2 Be6 19. b4 Rfd8 20. Nf1 a4
21. Ne3 g6 22. e5 Nd5 23. Nxd5 Bxd5 24. Rad1 Bxg2 25. Kxg2 Kf8 26. f4 Ke7 27.
Kf3 Rac8 28. Ke4 Rd5 29. g4 Rcd8 30. Rxd5 Rxd5 31. Re3 Rd1 32. f5 h5 33. fxg6
fxg6 34. gxh5 gxh5 35. Rg3 Re1+ 36. Kf5 Rf1+ 37. Kg5 Ke6 38. Kxh5 Kxe5 39. h4
b5 40. Kg6 Rf6+ 41. Kg7 Rf5 42. Rh3 Kf4 43. Kg6 Kg4 44. Rh1 Rd5 45. h5 Rd6+ 46.
Kg7 Kg5 47. h6 Rd7+ 48. Kf8 Rh7 49. Rg1+ Kxh6 50. Rh1+ Kg6 51. Rxh7 Kxh7 52.
Ke7 c5 53. bxc5 b4 54. c6 bxa3 55. c7 a2 56. c8=Q a1=Q 57. Qh3+ Kg8 58. Qg4+
Qg7+ 0-1

[Event "Sparkassen-Open A"]
[Site "Heusenstamm, Martinsee"]
[Date "2021.11.20"]
[Round "5.41"]
[White "Speck, Stefan"]
[Black "Junker, Christian"]
[Result "1-0"]
[WhiteElo "1928"]
[BlackElo "2019"]
[PlyCount "93"]
[EventDate "2021.??.??"]
[WhiteTeam "SG Solingen"]
[BlackTeam "SV Neu-Isenburg"]

1. e4 e5 2. Nf3 Nf6 3. Nxe5 d6 4. Nf3 Nxe4 5. Nc3 Nf6 6. d4 g6 7. Bg5 Bg7 8.
Qe2+ Kf8 9. O-O-O h6 10. Bh4 g5 11. Bg3 Bf5 12. Qb5 Qc8 13. Bd3 Bd7 14. Qb3 a5
15. a4 Be6 16. Bc4 Ra6 17. Rhe1 Bxc4 18. Qxc4 Rc6 19. Qe2 Qd7 20. Ne5 dxe5 21.
dxe5 Qe6 22. Rd8+ Ne8 23. Rxb8 h5 24. h4 g4 25. Bf4 Bh6 26. Bxh6+ Rxh6 27. Rd1
Qf5 28. Rd5 Rhe6 29. Rxa5 f6 30. Rxb7 fxe5 31. Rbb5 Qf4+ 32. Kb1 Ng7 33. Rxe5
Kf7 34. g3 Qd4 35. Rad5 Qb6 36. Qb5 Qa7 37. Rd7+ Kf8 38. Qd5 Qb6 39. Rd8+ Re8
40. Qd7 Rce6 41. Rxe6 Qxe6 42. Rxe8+ Qxe8 43. Qxe8+ Kxe8 44. Kc1 Ne6 45. Kd2
Nd4 46. Kd3 c5 47. Ne4 1-0

[Event "Sparkassen-Open A"]
[Site "Heusenstamm, Martinsee"]
[Date "2021.11.20"]
[Round "5.42"]
[White "Küpper, Martin"]
[Black "Nemitz, Alfred"]
[Result "1/2-1/2"]
[WhiteElo "2013"]
[BlackElo "1463"]
[PlyCount "84"]
[EventDate "2021.??.??"]
[WhiteTeam "SC Fulda"]
[BlackTeam "USV Potsdam"]

1. Nf3 d6 2. d4 Nf6 3. c4 g6 4. Nc3 Bg7 5. e3 O-O 6. Be2 Nbd7 7. O-O e5 8. Qc2
exd4 9. exd4 d5 10. cxd5 Nb6 11. Bg5 Bf5 12. Qb3 Nbxd5 13. Nxd5 Qxd5 14. Bc4
Qd6 15. Rfe1 h6 16. Bh4 Qb6 17. Re7 Qxb3 18. Bxb3 Nd7 19. h3 g5 20. Bg3 Bf6 21.
Re2 Rac8 22. Rae1 Rfd8 23. Ne5 Bxe5 24. dxe5 Nc5 25. Bc2 Bxc2 26. Rxc2 Ne6 27.
f3 Rd5 28. Bf2 Rcd8 29. Kh2 c5 30. Kg3 b6 31. Kg4 Nf4 32. Bg3 Nd3 33. Re4 Re8
34. Kf5 Kg7 35. Rd2 b5 36. b3 f6 37. Rxd3 Rxd3 38. exf6+ Kf7 39. Rxe8 Kxe8 40.
Kg6 Rd5 41. Bf2 Re5 42. g4 Kf8 1/2-1/2

[Event "Sparkassen-Open A"]
[Site "Heusenstamm, Martinsee"]
[Date "2021.11.20"]
[Round "5.43"]
[White "Tietzen, Stefan"]
[Black "Foerster-Yialamas, Lucas"]
[Result "0-1"]
[WhiteElo "1887"]
[BlackElo "2002"]
[PlyCount "68"]
[EventDate "2021.??.??"]
[WhiteTeam "SK Gernsheim"]
[BlackTeam "Frankfurter TV"]

1. e4 c5 2. Nf3 d6 3. d4 cxd4 4. Nxd4 Nf6 5. Nc3 a6 6. a4 e5 7. Nf3 Be7 8. Bc4
h6 9. O-O Nc6 10. h3 O-O 11. Be3 Be6 12. Qe2 Rc8 13. Bb3 Qa5 14. Rfd1 Rfd8 15.
Nd5 Bxd5 16. Bxd5 Nb4 17. c4 Nbxd5 18. exd5 Qb4 19. Rdc1 Nd7 20. Bd2 Qb6 21. b4
Rf8 22. a5 Qd8 23. Bc3 f5 24. Bb2 Bf6 25. Ra3 g5 26. Nd2 Qe7 27. Qh5 Kh7 28. h4
e4 29. Rb3 Bxb2 30. Rxb2 Nf6 31. Qe2 Nxd5 32. hxg5 Nf4 33. Qe3 Qxg5 34. g3 Nd3
0-1

[Event "Sparkassen-Open A"]
[Site "Heusenstamm, Martinsee"]
[Date "2021.11.20"]
[Round "5.44"]
[White "Armbrust, Matthias"]
[Black "Hesse, Uwe"]
[Result "0-1"]
[WhiteElo "1833"]
[BlackElo "2014"]
[PlyCount "48"]
[EventDate "2021.??.??"]
[WhiteTeam "TSG Bretzenheim"]
[BlackTeam "VL Düsseldorf"]

1. e4 d6 2. Nc3 Nf6 3. g3 d5 4. Bg2 dxe4 5. Nxe4 Nxe4 6. Bxe4 Nd7 7. d4 Nf6 8.
Bg2 e5 9. d5 Bg4 10. Ne2 Qd7 11. c4 Bh3 12. O-O h5 13. Qb3 O-O-O 14. Re1 Bxg2
15. Kxg2 h4 16. Qe3 hxg3 17. Qxg3 Ne4 18. Qf3 Bc5 19. Rf1 Rh4 20. Ng1 Rdh8 21.
h3 g5 22. Qd3 g4 23. Bd2 gxh3+ 24. Kh2 Qg4 0-1

[Event "Sparkassen-Open A"]
[Site "Heusenstamm, Martinsee"]
[Date "2021.11.20"]
[Round "5.45"]
[White "Rabiya, Karim"]
[Black "Seehaus, Bernhard"]
[Result "0-1"]
[WhiteElo "1803"]
[BlackElo "2013"]
[PlyCount "51"]
[EventDate "2021.??.??"]
[WhiteTeam "SK Niederbrechen"]
[BlackTeam "Schachforum Darmstadt"]

1. e4 d6 2. d4 Nf6 3. Nc3 c6 4. f4 Qa5 5. Bd2 e5 6. Nge2 Qb6 7. Be3 Qxb2 8.
dxe5 dxe5 9. a3 Bg4 10. Rb1 Qxc3+ 11. Nxc3 Bxd1 12. Kxd1 b6 13. fxe5 Ng4 14.
Bd4 Nd7 15. Ba6 Ngxe5 16. a4 Bc5 17. Bxe5 Nxe5 18. Ke2 O-O 19. h3 Rfd8 20. Rhf1
Rd4 21. Rf5 f6 22. g4 h6 23. a5 Rad8 24. axb6 axb6 25. Ke1 Bb4 26. Rb3 0-1

[Event "Sparkassen-Open A"]
[Site "Heusenstamm, Martinsee"]
[Date "2021.11.20"]
[Round "5.46"]
[White "Glöckler, Christian"]
[Black "Wachsmann, Dietmar"]
[Result "0-1"]
[WhiteElo "1397"]
[BlackElo "1983"]
[PlyCount "86"]
[EventDate "2021.??.??"]
[WhiteTeam "SC Lindenholzhausen"]
[BlackTeam "SC Groß-Umstadt"]

1. e4 c5 2. Nf3 e6 3. d4 cxd4 4. Nxd4 Nf6 5. Nc3 Nc6 6. Bg5 Be7 7. Be2 d6 8.
O-O e5 9. Ndb5 a6 10. Bxf6 gxf6 11. Na3 b5 12. Nd5 f5 13. exf5 Bxf5 14. c3 O-O
15. Nc2 Be6 16. a4 Rb8 17. axb5 axb5 18. Ra6 Bd7 19. Bf3 Rc8 20. Nb6 Nb8 21.
Nxc8 Nxa6 22. Nxd6 Be6 23. Ne4 f5 24. Ng3 Nc5 25. Be2 Qb6 26. Nb4 Rd8 27. Qc2
e4 28. Rd1 Bb3 29. Rxd8+ Qxd8 30. Qb1 Qd7 31. f3 Qd2 32. Nxf5 Qxe2 33. Nxe7+
Kf8 34. Nec6 Nd3 35. h3 Ne1 36. Qxe1 Qxe1+ 37. Kh2 e3 38. Nd4 Bd1 39. Nxb5 Qf1
40. Nd4 e2 41. Nd3 e1=Q 42. Nxe1 Qxe1 43. Nb5 Qe5+ 0-1

[Event "Sparkassen-Open A"]
[Site "Heusenstamm, Martinsee"]
[Date "2021.11.20"]
[Round "5.47"]
[White "Bahlo, Jens"]
[Black "Mährlein, Christoph"]
[Result "1-0"]
[WhiteElo "1908"]
[BlackElo "2061"]
[PlyCount "55"]
[EventDate "2021.??.??"]
[WhiteTeam "SK Gießen"]
[BlackTeam "SC Pforzheim"]

1. e4 e5 2. d4 exd4 3. Qxd4 Nc6 4. Qe3 b6 5. Bd2 Nge7 6. Nc3 Ng6 7. O-O-O Bd6
8. g3 Bb7 9. f4 Qe7 10. Nd5 Qd8 11. Bc3 O-O 12. h4 Nge7 13. Bc4 Nxd5 14. Bxd5
Bc5 15. Qf3 Kh8 16. e5 Qe8 17. h5 h6 18. Qe4 f6 19. Nf3 f5 20. Qd3 a5 21. Nh4
Ba6 22. Qf3 Rf7 23. e6 Re7 24. exd7 Rxd7 25. Bxc6 Be2 26. Bxd7 Be3+ 27. Kb1
Bxd1 28. Rxd1 1-0

[Event "Sparkassen-Open A"]
[Site "Heusenstamm, Martinsee"]
[Date "2021.11.20"]
[Round "5.48"]
[White "Swoboda, Philipp"]
[Black "Sittinger, Lutz"]
[Result "1-0"]
[WhiteElo "1976"]
[BlackElo "1915"]
[PlyCount "61"]
[EventDate "2021.??.??"]
[WhiteTeam "SV Frankfurt Nord"]
[BlackTeam "SK Mainaschaff"]

1. d4 Nf6 2. c4 g6 3. Nc3 Bg7 4. e4 d6 5. f3 O-O 6. Be3 Nbd7 7. Qd2 b6 8. Bd3
Bb7 9. Nge2 c5 10. O-O cxd4 11. Nxd4 Ne5 12. Be2 Rc8 13. b3 Nc6 14. Nc2 Qd7 15.
Rad1 Rfd8 16. h3 e6 17. Bg5 Qe8 18. f4 h6 19. Bh4 Rd7 20. Qe3 Nh7 21. Bf3 f6
22. Nb5 Bf8 23. Rfe1 d5 24. exd5 Bc5 25. Nbd4 Nxd4 26. Nxd4 Re7 27. dxe6 Bxf3
28. Qxf3 Rxe6 29. Qd5 Kf7 30. Rxe6 Bxd4+ 31. Re3+ 1-0

[Event "Sparkassen-Open A"]
[Site "Heusenstamm, Martinsee"]
[Date "2021.11.20"]
[Round "5.49"]
[White "Berberich, Christoph"]
[Black "Bittner, Peter"]
[Result "1/2-1/2"]
[WhiteElo "2017"]
[BlackElo "1862"]
[PlyCount "80"]
[EventDate "2021.??.??"]
[WhiteTeam "SGEM Dreisamtal"]
[BlackTeam "SC Nied"]

1. d4 d5 2. Nf3 Nf6 3. c4 c6 4. e3 Nbd7 5. Nbd2 e6 6. Bd3 Bd6 7. O-O e5 8. cxd5
cxd5 9. dxe5 Nxe5 10. Nxe5 Bxe5 11. Nf3 Bc7 12. Qa4+ Bd7 13. Bb5 O-O 14. Bxd7
Qxd7 15. Qxd7 Nxd7 16. Rd1 Nf6 17. b3 Rfd8 18. Bb2 Ne8 19. Rd3 Bb6 20. Rad1
Rac8 21. Bd4 Bxd4 22. Nxd4 Nf6 23. g3 a6 24. Ne2 Rc2 25. R3d2 Rxd2 26. Rxd2 Kf8
27. Rc2 Ke7 28. Nd4 g6 29. b4 Ne4 30. Nb3 Rd7 31. f3 Ng5 32. Kf2 Ne6 33. Rd2 b6
34. Ke2 f5 35. Nd4 Nxd4+ 36. Rxd4 Ke6 37. Kd2 Rc7 38. Rd3 Rc4 39. a3 b5 40. h4
h6 1/2-1/2

[Event "Sparkassen-Open A"]
[Site "Heusenstamm, Martinsee"]
[Date "2021.11.20"]
[Round "5.50"]
[White "Eull, Emil"]
[Black "Vangsgaard, Claus"]
[Result "1/2-1/2"]
[WhiteElo "1799"]
[BlackElo "1851"]
[PlyCount "182"]
[EventDate "2021.??.??"]
[WhiteTeam "SF Neuberg"]
[BlackTeam "Vejlby-Risskov"]

{[%evp 0,36,31,-3,26,6,12,14,14,38,19,16,40,38,37,13,15,-6,-6,3,4,4,45,49,40,
40,43,34,25,39,39,39,32,85,74,107,102,102,93]} 1. c4 c6 2. g3 g6 3. Bg2 Bg7 4.
Nc3 Nf6 5. e4 d6 6. d4 O-O 7. h3 e5 8. Nf3 Nbd7 9. O-O exd4 10. Nxd4 Nb6 11. b3
d5 12. cxd5 cxd5 13. e5 Ne4 14. Nxe4 dxe4 15. Re1 Bxe5 16. Rxe4 Re8 17. Qe2 f6
18. Bb2 Bd7 19. Rd1 Qc7 20. f4 Bxd4+ 21. Bxd4 Bc6 22. Re6 Qd7 23. Re3 Rad8 24.
Rxe8+ Rxe8 25. Qf2 Bxg2 26. Kxg2 Rd8 27. Rd2 Kf7 28. Kh2 Qb5 29. Qf3 Qd5 30.
Qe3 Rd7 31. Qd3 Nc8 32. Qc2 Ne7 33. Bc3 Qc6 34. Bb2 Qxc2 35. Rxc2 Nc6 36. Bc3
a6 37. Kg2 f5 38. g4 Rd3 39. Bb2 Ke6 40. Re2+ Kd5 41. gxf5 gxf5 42. Bc1 Rd1 43.
Be3 Nd4 44. Bxd4 Kxd4 45. Kg3 Ra1 46. Kh4 Kd3 47. Rg2 Ke4 48. Kg5 h6+ 49. Kg6
Kxf4 50. Rf2+ Kg3 51. Rxf5 Rxa2 52. Rf7 b5 53. Kxh6 Ra3 54. Ra7 Kxh3 55. b4 Kg4
56. Kg6 Kf4 57. Kf6 Ke4 58. Ke6 Kd4 59. Rh7 Ra4 60. Rh4+ Kc3 61. Kd5 Rxb4 62.
Rh3+ Kb2 63. Kc5 Ra4 64. Rh2+ Kc3 65. Rh3+ Kd2 66. Rh2+ Ke3 67. Rh3+ Kf2 68.
Rh2+ Kg3 69. Rh6 Kg4 70. Rf6 b4 71. Kc4 a5 72. Rf1 Ra3 73. Rb1 Kf4 74. Rb2 Rh3
75. Ra2 Rh5 76. Kb3 Ke4 77. Kc4 Ke3 78. Kb3 Rc5 79. Ka4 Kd3 80. Rh2 Kc3 81.
Rh3+ Kb2 82. Rh2+ Kc3 83. Rh3+ Kd4 84. Rh4+ Ke3 85. Rh3+ Kf4 86. Rb3 Ke5 87.
Rh3 Rd5 88. Rb3 Kd6 89. Rh3 Kc5 90. Kxa5 Kc4+ 91. Ka4 b3 1/2-1/2

[Event "Sparkassen-Open A"]
[Site "Heusenstamm, Martinsee"]
[Date "2021.11.20"]
[Round "5.51"]
[White "Diez, Gerhard"]
[Black "Launert, Martin"]
[Result "1-0"]
[WhiteElo "1986"]
[BlackElo "1841"]
[PlyCount "41"]
[EventDate "2021.??.??"]
[WhiteTeam "SC Bad Nauheim"]
[BlackTeam "Sfr. Erbach"]

1. e4 e5 2. Nf3 Nc6 3. Bb5 a6 4. Ba4 Nf6 5. O-O Be7 6. Re1 b5 7. Bb3 O-O 8. d4
Nxd4 9. Bxf7+ Rxf7 10. Nxe5 Ne6 11. Nxf7 Kxf7 12. e5 Ne8 13. Qf3+ Kg8 14. Qxa8
c6 15. Be3 N8c7 16. Qa7 Nd5 17. Nc3 Nb4 18. Rad1 c5 19. Qa8 Nc6 20. Nd5 Bf8 21.
Nb6 1-0

[Event "Sparkassen-Open A"]
[Site "Heusenstamm, Martinsee"]
[Date "2021.11.20"]
[Round "5.52"]
[White "Müdder, Melanie"]
[Black "Tremöhlen, Thomas"]
[Result "1/2-1/2"]
[WhiteElo "1766"]
[BlackElo "1982"]
[PlyCount "28"]
[EventDate "2021.??.??"]
[WhiteTeam "SG Solingen"]
[BlackTeam "SG Kaarst"]

1. e4 c5 2. Nf3 Nc6 3. d4 cxd4 4. Nxd4 e5 5. Nb5 d6 6. N1c3 a6 7. Na3 b5 8. Nd5
Be6 9. c3 Be7 10. Nc2 Nf6 11. Nxf6+ Bxf6 12. Ne3 O-O 13. Be2 Ne7 14. Bf3 Bg5
1/2-1/2

[Event "Sparkassen-Open A"]
[Site "Heusenstamm, Martinsee"]
[Date "2021.11.20"]
[Round "5.53"]
[White "Mehlen, Theodor"]
[Black "Syed, Tareq"]
[Result "1/2-1/2"]
[WhiteElo "1861"]
[BlackElo "1974"]
[PlyCount "83"]
[EventDate "2021.??.??"]
[WhiteTeam "SC Matt im Park"]
[BlackTeam "SV Diag.Harburg"]

1. e4 d6 2. Nc3 Nf6 3. Nf3 e5 4. d4 Nbd7 5. Bc4 Be7 6. O-O O-O 7. Qe2 c6 8. Rd1
exd4 9. Rxd4 Qc7 10. Bg5 b5 11. Bb3 a5 12. a3 Nc5 13. Rad1 Nxb3 14. cxb3 Be6
15. Qc2 Rad8 16. Nd5 Bxd5 17. exd5 c5 18. Rh4 h6 19. Bxf6 Bxf6 20. Re4 Rfe8 21.
Rde1 Qd7 22. b4 axb4 23. axb4 c4 24. R1e2 Rxe4 25. Qxe4 Ra8 26. h3 Ra4 27. Nd4
Rxb4 28. g4 g6 29. Qf4 Be5 30. Qd2 Ra4 31. Nc6 Ra1+ 32. Kg2 Bf6 33. Qb4 h5 34.
g5 Bg7 35. Qxb5 Kh7 36. Qb8 Qf5 37. Ne7 Qxg5+ 38. Kf3 Qf6+ 39. Kg2 Qg5+ 40. Kf3
Qf6+ 41. Kg2 Qg5+ 42. Kf3 1/2-1/2

[Event "Sparkassen-Open A"]
[Site "Heusenstamm, Martinsee"]
[Date "2021.11.20"]
[Round "5.54"]
[White "Kosak, Matjaz"]
[Black "Hänselmann, Hendrik"]
[Result "0-1"]
[WhiteElo "1769"]
[BlackElo "1865"]
[PlyCount "108"]
[EventDate "2021.??.??"]
[WhiteTeam "SV Frankfurt Nord"]
[BlackTeam "Karlsruher SF"]

1. e4 c5 2. c3 d5 3. exd5 Qxd5 4. d4 Nf6 5. Nf3 Nc6 6. Be3 cxd4 7. cxd4 e6 8.
Nc3 Qd8 9. Bb5 Bd7 10. O-O Be7 11. d5 exd5 12. Nxd5 Nxd5 13. Qxd5 O-O 14. Rad1
Be6 15. Qe4 Qa5 16. Bd3 g6 17. a3 Bf6 18. Nd4 Nxd4 19. Bxd4 Bd5 20. Qf4 Bxd4
21. Qxd4 Rad8 22. Qe5 Rfe8 23. Qg5 Qb6 24. b4 Bb3 25. Bb5 Bxd1 26. Bxe8 Be2 27.
Qe7 Bc4 28. Re1 Rd2 29. Qe3 Qxe3 30. fxe3 Kf8 31. Ba4 Ra2 32. Rc1 Bd5 33. Bc2
Rxa3 34. e4 Be6 35. Rd1 Rc3 36. Rd2 Rc4 37. b5 Rb4 38. Rd8+ Ke7 39. Ra8 Rxb5
40. Rxa7 Rb2 41. Bd3 Kd6 42. Ra5 Kc6 43. h4 h5 44. Kf1 b5 45. g3 Kc5 46. Ke1
Kb6 47. Ra8 b4 48. e5 Kc5 49. Ra6 Kd5 50. Ra5+ Kd4 51. Be2 Ke3 52. Ra1 Rxe2+
53. Kf1 Rc2 54. Rb1 b3 0-1

[Event "Sparkassen-Open A"]
[Site "Heusenstamm, Martinsee"]
[Date "2021.11.20"]
[Round "5.55"]
[White "Bäumer, Frank"]
[Black "Klaska, Philipp Leon"]
[Result "0-1"]
[WhiteElo "1939"]
[BlackElo "1745"]
[PlyCount "64"]
[EventDate "2021.??.??"]
[WhiteTeam "Gambit Gusenburg"]
[BlackTeam "Düsseldorfer SV"]

1. e4 c5 2. Nf3 e6 3. Nc3 a6 4. g3 Qc7 5. Bg2 Nc6 6. O-O Nge7 7. Re1 g6 8. d3
Bg7 9. Be3 Nd4 10. Qd2 O-O 11. Ne2 Nxf3+ 12. Bxf3 Bxb2 13. Rab1 Bh8 14. Bh6 Re8
15. Bg2 d6 16. f4 Bd7 17. g4 d5 18. e5 Nc6 19. Ng3 b5 20. c3 Qb6 21. Kh1 Rab8
22. Bf3 Qa5 23. Rg1 b4 24. c4 Nd4 25. Bg2 dxc4 26. dxc4 Qc7 27. Ne4 Bc6 28.
Nf6+ Bxf6 29. exf6 Nf3 30. Qf2 Nxg1 31. Kxg1 Bxg2 32. Kxg2 Rbd8 0-1

[Event "Sparkassen-Open A"]
[Site "Heusenstamm, Martinsee"]
[Date "2021.11.20"]
[Round "5.56"]
[White "Zimmer, Gerald"]
[Black "Linnemann, Caspar"]
[Result "1/2-1/2"]
[WhiteElo "1941"]
[BlackElo "1731"]
[PlyCount "125"]
[EventDate "2021.??.??"]
[WhiteTeam "SC Bergen-Enkheim"]
[BlackTeam "TuS Coswig"]

1. d4 Nf6 2. Nf3 c5 3. d5 d6 4. c4 b5 5. cxb5 a6 6. e3 Nbd7 7. Nc3 g6 8. Qc2
Bg7 9. e4 O-O 10. Be2 Ng4 11. O-O Nge5 12. Nxe5 Nxe5 13. b3 axb5 14. Bxb5 Ba6
15. Bb2 Qb6 16. a4 Rfc8 17. Bxa6 Rxa6 18. Nb5 Raa8 19. f4 Ng4 20. Bxg7 Kxg7 21.
Qb2+ Kg8 22. Rf3 c4+ 23. Qd4 Qxd4+ 24. Nxd4 cxb3 25. Nc6 b2 26. Rb1 Rc7 27. a5
Rb7 28. h3 Nf6 29. Re3 Kf8 30. Re2 Ra6 31. Rexb2 Rxb2 32. Rxb2 Nxe4 33. Rb6 Nc5
34. Rb5 e6 35. Nb4 Ra8 36. Kf1 Nb3 37. a6 Nc5 38. Rb6 exd5 39. Rxd6 h5 40. Rc6
Ne6 41. Nxd5 Ra7 42. g3 Ke8 43. Nb4 Ra8 44. Kf2 Kd7 45. Ke3 Rb8 46. Rc4 Nc7 47.
Kd4 Ra8 48. Ke5 Nxa6 49. Kf6 Nxb4 50. Rxb4 Ra3 51. Kxf7 Rxg3 52. Rd4+ Kc6 53.
Kf6 Kc5 54. Re4 h4 55. Re5+ Kd6 56. Rg5 Rxh3 57. Kxg6 Rg3 58. f5 Rxg5+ 59. Kxg5
h3 60. f6 Ke6 61. Kg6 h2 62. f7 h1=Q 63. f8=Q 1/2-1/2

[Event "Sparkassen-Open A"]
[Site "Heusenstamm, Martinsee"]
[Date "2021.11.20"]
[Round "5.57"]
[White "Weiland, Thomas"]
[Black "Oster, Klaus"]
[Result "1/2-1/2"]
[WhiteElo "1799"]
[BlackElo "1937"]
[PlyCount "80"]
[EventDate "2021.??.??"]
[WhiteTeam "SV Oberursel"]
[BlackTeam "SF Sailauf"]

1. c4 Nf6 2. Nf3 e6 3. g3 d5 4. cxd5 exd5 5. d4 Bd6 6. Bg2 O-O 7. O-O Re8 8.
Re1 c6 9. Nc3 Bf5 10. Nh4 Bg4 11. Qc2 Nbd7 12. Bg5 h6 13. Bd2 Nf8 14. e4 dxe4
15. Nxe4 Nxe4 16. Rxe4 Qd7 17. Rxe8 Rxe8 18. Re1 Rxe1+ 19. Bxe1 Be7 20. Bc3
Bxh4 21. gxh4 Ng6 22. f3 Bf5 23. Qf2 Nf4 24. Bf1 Qe6 25. a3 Nd5 26. Bd2 Qf6 27.
Bc4 Nb6 28. Bb3 Be6 29. Bc2 Bf5 30. Be4 Qg6+ 31. Qg2 Qxg2+ 32. Kxg2 Be6 33. Kg3
Nc4 34. Bc1 Bd5 35. Bd3 Nd6 36. Bf4 Nc4 37. Bxc4 Bxc4 38. Bd6 f6 39. Kf4 Kf7
40. h5 Bd5 1/2-1/2

[Event "Sparkassen-Open A"]
[Site "Heusenstamm, Martinsee"]
[Date "2021.11.20"]
[Round "5.58"]
[White "Bardorz, Jana"]
[Black "Busch, Malte"]
[Result "1-0"]
[WhiteElo "1851"]
[BlackElo "1769"]
[PlyCount "107"]
[EventDate "2021.??.??"]
[WhiteTeam "TSV Rottendorf"]
[BlackTeam "SC Hattersheim"]

1. e4 Nf6 2. e5 Nd5 3. d4 d6 4. c4 Nb6 5. exd6 cxd6 6. Nc3 g6 7. Be3 Bg7 8. Rc1
O-O 9. b3 e5 10. Nf3 Nc6 11. d5 Ne7 12. Qd2 Nf5 13. Be2 Nxe3 14. fxe3 Bh6 15.
O-O f5 16. Nd1 Nd7 17. Qe1 Qb6 18. Rc3 e4 19. Nd2 a5 20. Qh4 Bg7 21. Rc2 a4 22.
c5 Nxc5 23. Nc4 axb3 24. Nxb6 bxc2 25. Nc3 Ra3 26. Nb5 Rxa2 27. Nd4 Nd3 28.
Bxd3 exd3 29. Qe1 f4 30. Nc4 fxe3 31. Rxf8+ Kxf8 32. Nb3 d2 33. Ncxd2 exd2 34.
Qxd2 Rb2 35. Nc1 Bf5 36. g4 Bxg4 37. Qf4+ Bf5 38. Qxd6+ Kg8 39. Qf4 Rb1 40. Kf2
Bb2 41. Qb8+ Kg7 42. Qc7+ Kh6 43. Qf4+ Kh5 44. Ne2 Bg4 45. Kg3 g5 46. Qxg4+ Kh6
47. Qe6+ Kg7 48. Qe7+ Kg6 49. Qe4+ Kg7 50. Qxc2 Be5+ 51. Kg4 Rb2 52. Qe4 Bf6
53. Ng3 h5+ 54. Nxh5+ 1-0

[Event "Sparkassen-Open A"]
[Site "Heusenstamm, Martinsee"]
[Date "2021.11.20"]
[Round "5.59"]
[White "Knödler, Marcel"]
[Black "Meyer, Marcel"]
[Result "1/2-1/2"]
[WhiteElo "1857"]
[BlackElo "1728"]
[PlyCount "54"]
[EventDate "2021.??.??"]
[WhiteTeam "Wiesbadener SV"]
[BlackTeam "SK Herborn"]

1. d4 Nf6 2. Nf3 d5 3. Bf4 c5 4. c3 Nc6 5. e3 Qb6 6. Qc2 cxd4 7. exd4 Bf5 8.
Qb3 Qxb3 9. axb3 e6 10. Bb5 Nd7 11. O-O Be7 12. Nbd2 O-O 13. Ra2 Rfc8 14. Rfa1
a6 15. b4 h6 16. Nb3 g5 17. Bg3 g4 18. Nfd2 Bg5 19. Nf1 Bc2 20. Bxc6 bxc6 21.
Nc5 Nxc5 22. bxc5 Bd3 23. Bd6 Ra7 24. f4 gxf3 25. gxf3 Kh7 26. Kf2 Rg8 27. Bg3
h5 1/2-1/2